00822nam a2200229 a 450000100100000000500170001000800410002702000150006804000250008308200190010810000220012724502010014926000310035053400540038150200140043565000270044965000190047665000180049570000210051370000250053483000330055900002295920250501115047.0101123s1999 uy r 000 | spa d a0889368244 aDO-SdBNPbspacBNPHU a346.048bP855m1 aPosey, Darrell A.10aMás allá de la propiedad intelectual :blos derechos de las comunidades indígenas y locales a los recursos tradicionales /cDarrell A. Posey, Graham Dutfield; traducción de Silvia Ribeiro. aMontevideo :bCIID,c1999. aTítulo original :tBeyond intellectual property aespañol 0aPropiedad intelectual  4aEtnobotánica 0aBiodiversidad1 aDutfield, Graham1 aRibeiro, Silviaetr. 0aBeyond intellectual property